| 000 | 01284cam a2200361 i 4500 | ||
|---|---|---|---|
| 999 |
_c522745 _d522745 |
||
| 001 | 20682745 | ||
| 003 | NUST | ||
| 005 | 20190108060015.0 | ||
| 008 | 180926s2018 enk b 001 0 eng d | ||
| 010 | _a 2018289007 | ||
| 020 | _a0670089680 | ||
| 020 | _a9780670089680 | ||
| 035 | _a(OCoLC)on1015862559 | ||
| 038 | _aMuhammad Ibrahim | ||
| 040 |
_aYDX _beng _cYDX _erda _dBDX _dUUM _dOCLCO _dOCLCF _dOCLCA _dDLC |
||
| 042 | _alccopycat | ||
| 050 | 0 | 0 |
_aU264.5.P18 _bA23 2018 |
| 082 | 0 | 4 |
_a355.0217095491 _223 _bABB 2018 |
| 100 | 1 |
_aAbbas, Hassan, _d1969- _eauthor. _913004 |
|
| 245 | 1 | 0 |
_aPakistan's nuclear bomb : _ba story of defiance, deterrence and deviance / _cHassan Abbas. |
| 264 | 1 |
_aOxford : _bOxford University Press, _c[2018] |
|
| 300 |
_ax, 341 pages ; _c22 cm |
||
| 336 |
_atext _2rdacontent |
||
| 337 |
_aunmediated _2rdamedia |
||
| 338 |
_avolume _2rdacarrier |
||
| 504 | _aIncludes bibliographical references (pages 219-298) and index. | ||
| 650 | 0 |
_aNuclear weapons _zPakistan. _912988 |
|
| 650 | 7 |
_aNuclear weapons. _2fast _0(OCoLC)fst01040971 _913005 |
|
| 651 | 7 |
_aPakistan. _2fast _0(OCoLC)fst01210275 _92029 |
|
| 906 |
_a7 _bcbc _ccopycat _d2 _encip _f20 _gy-gencatlg |
||
| 942 |
_2ddc _cBK |
||